Communiqué newsletter of the Chair in Slovak History and Culture

Bibliographic Details
Format: Journal
Language:English
PhysicalDescription:zv. ilustr. 28 cm
Published: Ottawa Faculty of Arts, Department of History, University of Ottawa 1993-
ISSN:1490-0807
Subjects:

MARC

LEADER 00000cas a2200000 a 4500
001 vtls009358040
003 SK-MaSNL
005 20260228163611.0
008 081106c19939999xxcar|p 0 a0eng d
022 |a 1490-0807 
040 |a SNK  |b slo  |c SNK  |e AACR2 
041 0 |a eng 
043 |a e-xxc--- 
044 |a xxc  |c CA 
072 7 |a 94(437.6)  |x Dejiny Slovenskej republiky  |2 konspekt 
072 7 |a 316.7  |x Sociológia kultúry. Kultúrny život  |2 konspekt 
072 7 |a 323  |x Vnútropolitický vývoj, politický život  |2 konspekt 
080 |a 94(437.6)  |2 2011 
080 |a 316.7  |2 2011 
080 |a 050  |2 2011 
080 |a (055)  |2 2011 
080 |a 323.15  |2 2011 
080 |a (=162.4)  |2 2011 
080 |a 314.15-026.49(051)+(054)  |2 2011 
222 0 |a Communiqué, newsletter of the Chair in Slovak History and Culture 
245 0 0 |a Communiqué  |b newsletter of the Chair in Slovak History and Culture  |c University of Ottawa 
246 3 3 |a Newsletter of the Chair in Slovak History and Culture 
260 |a Ottawa  |b Faculty of Arts, Department of History, University of Ottawa  |c 1993- 
300 |a zv.  |b ilustr.  |c 28 cm 
310 |a 1x ročne 
362 0 |a 1993- 
650 0 7 |a kultúra  |2 SNKPH  |2 SNKPH  |9 886 
650 0 7 |a Slováci v zahraničí  |9 14695 
651 7 |a Slovensko  |x dejiny  |2 SNKPH  |9 13278 
655 7 |a bulletiny  |2 SNKPH  |9 70453 
655 7 |a krajanské periodiká  |2 SNKPH  |9 110004 
910 |a snk 
999 |c 9986  |d 11916 
952 |0 0  |1 0  |4 0  |7 0  |8 2  |a SNK  |b SNK  |d 2020-12-02  |i snk2020/21657  |l 0  |o snkČSB 4913/26/2018  |p 17A1432255  |r 2026-02-21 19:24:35  |t č. 1  |w 2026-02-21  |y PREZ 
952 |0 0  |1 0  |4 0  |7 0  |8 2  |a SNK  |b SNK  |d 2021-06-09  |i snkČV 2035/99  |l 0  |o snkČSB 4913/1/1993  |p 17A0899801  |r 2026-02-21 19:29:16  |t č. 1  |w 2026-02-21  |y PREZ 
952 |0 0  |1 0  |4 0  |7 0  |8 2  |a SNK  |b SNK  |d 2021-06-09  |i snkČV 2034/99  |l 0  |o snkČSB 4913/2/1994  |p 17A0899803  |r 2026-02-21 19:29:16  |t č. 1  |w 2026-02-21  |y PREZ 
952 |0 0  |1 0  |4 0  |7 0  |8 2  |a SNK  |b SNK  |d 2021-06-09  |i snkČV 2033/99  |l 0  |o snkČSB 4913/3/1995  |p 17A0899800  |r 2026-02-21 19:29:16  |t č. 1  |w 2026-02-21  |y PREZ 
952 |0 0  |1 0  |4 0  |7 0  |8 2  |a SNK  |b SNK  |d 2021-06-09  |i snkČV 2032/99  |l 0  |o snkČSB 4913/4/1996  |p 17A0899798  |r 2026-02-21 19:29:16  |t č. 1  |w 2026-02-21  |y PREZ 
952 |0 0  |1 0  |4 0  |7 0  |8 2  |a SNK  |b SNK  |d 2021-06-09  |i snkČV 1194/2002  |l 0  |o snkČSB 4913/5/1997  |p 17A0899797  |r 2026-02-21 19:29:16  |t č. 1  |w 2026-02-21  |y PREZ 
952 |0 0  |1 0  |4 0  |7 0  |8 2  |a SNK  |b SNK  |d 2021-06-09  |i snkČV 1191/2002  |l 0  |o snkČSB 4913/6/1998  |p 17A0899802  |r 2026-02-21 19:29:16  |t č. 1  |w 2026-02-21  |y PREZ 
952 |0 0  |1 0  |4 0  |7 0  |8 2  |a SNK  |b SNK  |d 2021-06-09  |i snkČV 1190/2002  |l 0  |o snkČSB 4913/7/1999  |p 17A0899799  |r 2026-02-21 19:29:17  |t č. 1  |w 2026-02-21  |y PREZ 
952 |0 0  |1 0  |4 0  |7 0  |8 2  |a SNK  |b SNK  |d 2021-06-09  |i snkČV 1189/2002  |l 0  |o snkČSB 4913/8/2000  |p 17A0899796  |r 2026-02-21 19:29:17  |t č. 1  |w 2026-02-21  |y PREZ 
952 |0 0  |1 0  |4 0  |7 0  |8 2  |a SNK  |b SNK  |d 2021-06-09  |i snkČV 1193/2002  |l 0  |o snkČSB 4913/2/1994 D1  |p 17A1434231  |r 2026-02-21 19:29:17  |t č. 1  |w 2026-02-21  |y PREZ 
952 |0 0  |1 0  |4 0  |7 0  |8 2  |a SNK  |b SNK  |d 2021-06-09  |i snkČV 1192/2002  |l 0  |o snkČSB 4913/3/1995 D1  |p 17A1434232  |r 2026-02-21 19:29:17  |t č. 1  |w 2026-02-21  |y PREZ 
952 |0 0  |1 0  |4 0  |7 0  |8 1  |a SNK  |b SNK  |d 2021-06-09  |i snk2021/6648  |l 0  |o snkČSB 4913/4/1996 D1  |p 17A1434233  |r 2026-02-21 19:29:17  |t č. 1  |w 2026-02-21  |y PREZ 
952 |0 0  |1 0  |4 0  |7 0  |8 2  |a SNK  |b SNK  |d 2021-06-09  |i snkČV 1195/2002  |l 0  |o snkČSB 4913/5/1997 D1  |p 17A1434234  |r 2026-02-21 19:29:17  |t č. 1  |w 2026-02-21  |y PREZ 
952 |0 0  |1 0  |4 0  |7 0  |8 2  |a SNK  |b SNK  |d 2010-03-24  |i snk2010/5994  |l 0  |o snkČSB 4913/10/2002  |p 17A0635556  |r 2026-02-21 19:32:12  |t č. 1  |w 2026-02-21  |y PREZ 
952 |0 0  |1 0  |4 0  |7 0  |8 2  |a SNK  |b SNK  |d 2010-03-24  |i snk2010/5995  |l 0  |o snkČSB 4913/11/2003  |p 17A0635557  |r 2026-02-21 19:32:12  |t č. 1  |w 2026-02-21  |y PREZ 
952 |0 0  |1 0  |4 0  |7 0  |8 2  |a SNK  |b SNK  |d 2010-03-24  |i snk2010/5996  |l 0  |o snkČSB 4913/12/2004  |p 17A0635558  |r 2026-02-21 19:32:12  |t č. 1  |w 2026-02-21  |y PREZ 
952 |0 0  |1 0  |4 0  |7 0  |8 2  |a SNK  |b SNK  |d 2010-03-24  |i snk2010/5997  |l 0  |o snkČSB 4913/13/2005  |p 17A0635559  |r 2026-02-21 19:32:12  |t č. 1  |w 2026-02-21  |y PREZ 
952 |0 0  |1 0  |4 0  |7 0  |8 2  |a SNK  |b SNK  |d 2010-03-24  |i snk2010/5998  |l 0  |o snkČSB 4913/14/2006  |p 17A0635560  |r 2026-02-21 19:32:12  |t č. 1  |w 2026-02-21  |y PREZ 
952 |0 0  |1 0  |4 0  |7 0  |8 2  |a SNK  |b SNK  |d 2010-03-24  |i snk2010/5999  |l 0  |o snkČSB 4913/16/2008  |p 17A0635561  |r 2026-02-21 19:32:12  |t č. 1  |w 2026-02-21  |y PREZ 
952 |0 0  |1 0  |4 0  |7 0  |8 2  |a SNK  |b SNK  |d 2022-03-04  |i snk2022/3416  |l 0  |o snkČSB 4913/27/2019  |p 17A1461820  |r 2026-02-21 20:10:24  |t č. 1  |w 2026-02-21  |y PREZ 
952 |0 0  |1 0  |4 0  |7 0  |8 2  |a SNK  |b SNK  |d 2022-03-04  |i snk2022/3418  |l 0  |o snkČSB 4913/28/2020  |p 17A1461821  |r 2026-02-21 20:10:24  |t č. 1  |w 2026-02-21  |y PREZ 
952 |0 0  |1 0  |4 0  |7 0  |8 2  |a SNK  |b SNK  |d 2016-02-09  |i snk2016/3355  |l 0  |o snkČSB 4913/19/2011  |p 17A1097891  |r 2026-02-21 20:41:59  |t č. 1  |w 2026-02-21  |y PREZ 
952 |0 0  |1 0  |4 0  |7 0  |8 2  |a SNK  |b SNK  |d 2018-03-09  |i snk2018/5958  |l 0  |o snkČSB 4913/23/2015  |p 17A1268271  |r 2026-02-21 21:49:57  |t č. 1  |w 2026-02-21  |y PREZ 
952 |0 0  |1 0  |4 0  |7 0  |8 2  |a SNK  |b SNK  |d 2016-01-27  |i snk2016/2087  |l 0  |o snkČSB 4913/20/2012  |p 17A1097818  |r 2026-02-21 21:53:52  |t č. 1  |w 2026-02-21  |y PREZ 
952 |0 0  |1 0  |4 0  |7 0  |8 2  |a SNK  |b SNK  |d 2016-01-27  |i snk2016/2088  |l 0  |o snkČSB 4913/21/2013  |p 17A1097819  |r 2026-02-21 21:53:52  |t č. 1  |w 2026-02-21  |y PREZ 
952 |0 0  |1 0  |4 0  |7 0  |8 2  |a SNK  |b SNK  |d 2017-04-19  |i snk2017/9168  |l 0  |o snkČSB 4913/22/2014  |p 17A1205841  |r 2026-02-21 22:10:56  |t č. 1  |w 2026-02-21  |y PREZ 
952 |0 0  |1 0  |4 0  |7 0  |8 1  |a SNK  |b SNK  |d 2019-06-21  |i snk2019/16995  |l 0  |o snkČSB 4913/15/2007  |p 17A1366802  |r 2026-02-21 22:14:52  |t č. 1  |w 2026-02-21  |y PREZ 
952 |0 0  |1 0  |4 0  |7 0  |8 2  |a SNK  |b SNK  |d 2016-04-21  |i snk2016/10228  |l 0  |o snkČSB 4913/17/2009  |p 17A1099099  |r 2026-02-21 22:16:29  |t č. 1  |w 2026-02-21  |y PREZ 
952 |0 0  |1 0  |4 0  |7 0  |8 2  |a SNK  |b SNK  |d 2016-04-21  |i snk2016/10233  |l 0  |o snkČSB 4913/18/2010  |p 17A1099098  |r 2026-02-21 22:16:29  |t č. 1  |w 2026-02-21  |y PREZ 
952 |0 0  |1 0  |4 0  |7 0  |8 2  |a SNK  |b SNK  |d 2020-01-31  |i snk2020/2174  |l 0  |o snkČSB 4913/25/2017  |p 17A1385548  |r 2026-02-21 22:20:39  |t č. 1  |w 2026-02-21  |y PREZ